| 000 | 01241nam a2200253Ia 4500 | ||
|---|---|---|---|
| 999 |
_c53239 _d53239 |
||
| 001 | 20280 | ||
| 003 | GE_BSU | ||
| 005 | 20200825163409.0 | ||
| 008 | 181216s1936||||ge |||||||||||||| ||geo|| | ||
| 040 | _cGE_BSU | ||
| 041 | _ageo | ||
| 080 | _a811.353.31'36 ჩ-69 | ||
| 100 |
_aჩიქობავა, არნოლდ _91234 |
||
| 245 |
_aჭანურის გრამატიკული ანალიზი ტექსტებითურთ / _cჩიქობავა, არნოლდ |
||
| 264 |
_aტფილისი : _bსსრკ. მეცნ. აკად. საქ. ფილ-ის გამ-ბა, _c1936. |
||
| 300 |
_a152 გვ. : _b1 ჩართ. ფ. რუკ. ; _c22 სმ. |
||
| 500 | _aდამატ. თავფურ. რუს. და ფრანგ. ენებზე | ||
| 504 | _aბიბლიოგრ. : გვ. XVIII-XIX | ||
| 520 | _aრეზიუმე რუსულ და ფრანგულ ენებზე | ||
| 541 | _h4ლ. | ||
| 653 | _aჭანური ენის გრამატიკა | ||
| 653 | _aჭანურის გრამატიკული ანალიზი ტექსტებითურთ | ||
| 942 |
_cBK _2udc |
||